|
|
|
|
| LEADER |
00000cam a2200000 7i4500 |
| 001 |
0000004835 |
| 005 |
20200219093000.0 |
| 008 |
021118s1992 |
| 020 |
|
|
|a 1853961590
|
| 090 |
0 |
0 |
|a HD69.P6
|b B87 1992
|
| 245 |
0 |
0 |
|a Business and the environment :
|b implications of the new environmentalism
|c edited by Denis Smith
|
| 260 |
2 |
|
|a London :
|b P. Chapman ,
|c 1992
|
| 300 |
|
|
|a 194 p. :
|b 23 cm
|
| 650 |
|
0 |
|a Green movement
|
| 650 |
|
0 |
|a Industrial management
|x Environmental aspects
|
| 700 |
1 |
|
|a Smith, Denis ,
|d 1956- ,
|e author
|
| 999 |
|
|
|a 1000009678
|b Book
|c OPEN SHELF (30 DAYS)
|e Gong Badak Campus
|